Statistiques concernant Polak - PLK

Cliquez ici pour prendre le quiz!

Statistiques générales

  • Ce quiz a été pris 78 fois
  • Le résultat moyen est 12 sur 18

Statistiques - réponses

Titres% Correct
11 (ft. SCH)Hier
89%
3 (ft. Nekfeu)Waow
86%
7Polak
84%
10Monégasque
77%
1Intro
75%
8 (ft. Paluch)Gozier
73%
5250
68%
9Bunkoeur
66%
16Dingue
61%
18Emotif (Booska 1H)
61%
6Idiote
61%
2Le sel
61%
15Enfant du hall
55%
12Ils nous comprennent pas
52%
14Weed
52%
4Séparer
50%
17Sans suite
48%
13Olcho Gvang
43%

Distribution des résultats

Percentile par nombre de réponses

% des personnes avec chaque résultat

Votre développement - résultats

Vous n’avez pas pris ce quiz